|
|
|
|
| LEADER |
00654nab a2200193 i 4500 |
| 001 |
univ176 |
| 005 |
20171214090408.0 |
| 008 |
170606s1988 hu o 0|| hun d |
| 022 |
|
|
|a 0864-7380
|
| 040 |
|
|
|a SZTE UnivHistória Repozitórium
|b hun
|
| 041 |
|
|
|a hun
|
| 100 |
1 |
|
|a Mikó Sándor
|
| 245 |
1 |
0 |
|a Betegséged felmentés
|h [elektronikus dokumentum] /
|c Mikó Sándor
|
| 260 |
|
|
|c 1988
|
| 300 |
|
|
|a 1-2
|
| 490 |
0 |
|
|a Jogalap : a Deák Ferenc Kulturális Közösség kiadványa
|v 1
|
| 561 |
|
|
|a Egyetemi, hallgatói élet
|
| 695 |
|
|
|a Társadalomtudomány, Szépirodalom
|
| 856 |
4 |
0 |
|u http://univ.bibl.u-szeged.hu/176/1/jogalap_001_001-002.pdf
|z Dokumentum-elérés
|